John B. Davidge and James Cocke account book, (Record no. 43781)

MARC details
000 -LEADER
fixed length control field 01218cpmaa2200289 4500
001 - CONTROL NUMBER
control field mm 82086504
003 - CONTROL NUMBER IDENTIFIER
control field DLC
005 - DATE AND TIME OF LATEST TRANSACTION
control field 20260227111717.0
008 - FIXED-LENGTH DATA ELEMENTS--GENERAL INFORMATION
fixed length control field 820422|||||||||||| eng
010 ## - LIBRARY OF CONGRESS CONTROL NUMBER
LC control number mm 82086504
040 ## - CATALOGING SOURCE
Original cataloging agency DLC
Transcribing agency DLC
Description conventions dacs
Modifying agency DLC
072 #7 - SUBJECT CATEGORY CODE
Subject category code C
Source lcmd
100 1# - MAIN ENTRY--PERSONAL NAME
Personal name Davidge, John B.
Fuller form of name (John Beale),
Dates associated with a name 1768-1829.
245 00 - TITLE STATEMENT
Title John B. Davidge and James Cocke account book,
Inclusive dates 1810-1821.
300 ## - PHYSICAL DESCRIPTION
Extent 1
Type of unit item.
300 ## - PHYSICAL DESCRIPTION
Extent 1
Type of unit oversize container.
300 ## - PHYSICAL DESCRIPTION
Extent 0.3
Type of unit linear feet.
506 0# - RESTRICTIONS ON ACCESS NOTE
Terms governing access Open to research.
520 8# - SUMMARY, ETC.
Summary, etc. Account book kept by John B. Davidge and James Cocke containing the prospectus and subscribers to the Baltimore Philosophical Journal Review. Includes case histories of patients, treatment, and cost of medicine.
545 0# - BIOGRAPHICAL OR HISTORICAL DATA
Biographical or historical data Surgeons.
546 ## - LANGUAGE NOTE
Language note Collection material in English.
650 #0 - SUBJECT ADDED ENTRY--TOPICAL TERM
Topical term or geographic name entry element Medicine
General subdivision Practice
Geographic subdivision Maryland
-- Baltimore.
630 00 - SUBJECT ADDED ENTRY--UNIFORM TITLE
Uniform title Baltimore philosophical journal and review.
656 #7 - INDEX TERM--OCCUPATION
Occupation Surgeons.
Source of term itoamc
700 1# - ADDED ENTRY--PERSONAL NAME
Personal name Cocke, James,
Dates associated with a name 1780-1813.
Title of a work Account book of John B. Davidge and James Cocke
Date of a work (1810-1821)

No items available.

Powered by Koha